| Tag |
First Indicator |
Second Indicator |
Subfields |
| LEADER |
00000cam a2200000 a 4500 |
| 001 |
in00000019990 |
| 005 |
20151007053804.0 |
| 008 |
871002s1988 dcu b 00110 eng |
| 010 |
|
|
|a 87027858
|
| 020 |
|
|
|a 0815736002 :
|c $22.95
|
| 020 |
|
|
|a 0815735995 (pbk.) :
|c $8.95
|
| 035 |
|
|
|a (OCoLC)16873874
|
| 035 |
|
|
|9 AAB2821AM
|
| 040 |
|
|
|a DLC
|c DLC
|d TXA
|d UtOrBLW
|
| 043 |
|
|
|a n-us---
|
| 049 |
|
|
|a TXAM
|c [A11468234]
|
| 050 |
0 |
0 |
|a JK528
|b .H45 1988
|
| 082 |
0 |
|
|a 324.973
|2 19
|
| 100 |
1 |
|
|a Hess, Stephen.
|
| 245 |
1 |
4 |
|a The Presidential campaign :
|b an essay /
|c by Stephen Hess.
|
| 250 |
|
|
|a 3rd ed.
|
| 264 |
|
1 |
|a Washington, D.C. :
|b Brookings Institution,
|c [1988]
|
| 264 |
|
4 |
|c ©1988
|
| 300 |
|
|
|a viii, 134 pages ;
|c 23 cm.
|
| 336 |
|
|
|a text
|b txt
|2 rdacontent
|
| 337 |
|
|
|a unmediated
|b n
|2 rdamedia
|
| 338 |
|
|
|a volume
|b nc
|2 rdacarrier
|
| 504 |
|
|
|a Bibliography: pages 119-125.
|
| 500 |
|
|
|a Includes index.
|
| 650 |
|
0 |
|a Presidents
|z United States
|x Election.
|
| 999 |
|
|
|a MARS
|
| 999 |
f |
f |
|s f0747d14-37f8-36cb-a1fe-6e719e1c2f12
|i 61862b65-d2d6-30aa-aed4-6a74845afe0a
|t 0
|
| 952 |
f |
f |
|p ric
|a Texas A&M University
|b Rellis Campus
|c Joint Library Facility
|d Remote Storage
|t 0
|e JK528 .H45 1988
|h Library of Congress classification
|i unmediated -- volume
|m A14811468234
|
| 998 |
f |
f |
|a JK528 .H45 1988
|t 0
|l Remote Storage
|